Statistics for 2008-09 FC Barcelona Squad Quiz

Click here to take the quiz!

General Stats

  • This quiz has been taken 70 times
  • The average score is 15 of 24

Answer Stats

PositionNationalityPlayer% Correct
DF (C)SpainCarles Puyol
92%
FWArgentinaLionel Messi
92%
GKSpainVictor Valdes
92%
FWCameroonSamuel Eto'o
89%
MFSpainXavi Hernandez
89%
MFSpainAndres Iniesta
87%
FWFranceThierry Henry
82%
DFSpainGerard Pique
77%
MFIvory CoastToure Yaya
74%
MFSpainSergio Busquets
71%
FWSpainPedro Rodriguez
69%
DFMexicoRafael Marquez
69%
DFBrazilDani Alves
68%
DFFranceEric Abidal
66%
MFMaliSeydou Keita
63%
GKSpainJose Manuel Pinto
53%
MFBelarusAlexander Hleb
47%
FWIcelandEidur Gudjohnsen
42%
DFArgentinaGabriel Milito
39%
FWSpainBojan Krkic
32%
DFUruguayMartin Caceres
32%
DFBrazilSylvinho
31%
GKSpainAlbert Jorquera
19%
DFSpainVictor Sanchez
13%

Score Distribution

Percentile by Number Answered

Percent of People with Each Score

Your Score History

You have not taken this quiz